[Event "European Individual Chess Championship 2017"]
[Site "?"]
[Date "2017.06.07"]
[Round "8.96"]
[White "Kanmazalp, Ogulcan"]
[Black "Potkin, Vladimir"]
[Result "1/2-1/2"]
[BlackElo "2588"]
[WhiteElo "2447"]
[LiveChessVersion "1.4.8"]

1. Nf3 Nf6 2. c4 e6 3. Nc3 d5 4. d4 c6 5. e3 Nbd7 6. Qc2 Bd6 7. Bd3 O-O 8. O-O
dxc4 9. Bxc4 b5 10. Be2 a6 11. Ng5 Qc7 12. e4 h6 13. e5 hxg5 14. exd6 Qxd6 15.
Bxg5 Qxd4 16. Rad1 Qe5 17. h4 Bb7 18. Rfe1 Qc7 19. Bf3 c5 20. Bxb7 Qxb7 21. h5
Rac8 22. h6 c4 23. hxg7 Rfe8 24. Qd2 e5 25. Bxf6 Nxf6 26. Qh6 Nh7 27. Ne4 1/2-1/2

[Event "European Individual Chess Championship 2017"]
[Site "?"]
[Date "2017.06.07"]
[Round "8.97"]
[White "Indjic, Aleksandar"]
[Black "Froewis, Georg"]
[Result "1-0"]
[BlackElo "2432"]
[WhiteElo "2587"]
[LiveChessVersion "1.4.8"]

1. d4 {[%clk 1:29:52]} d5 {[%clk 1:30:53]} 2. c4 {[%clk 1:29:36]} e6
{[%clk 1:31:18]} 3. Nc3 {[%clk 1:29:42]} c6 {[%clk 1:31:43]} 4. e3
{[%clk 1:29:20]} Nf6 {[%clk 1:32:04]} 5. Qc2 {[%clk 1:28:40]} Nbd7
{[%clk 1:30:51]} 6. Nf3 {[%clk 1:28:26]} Bd6 {[%clk 1:31:13]} 7. Rg1
{[%clk 1:27:07]} e5 {[%clk 1:25:22]} 8. g4 {[%clk 1:26:53]} exd4 {[%clk 1:11:42]}
9. Nxd4 {[%clk 1:22:43]} c5 {[%clk 1:10:01]} 10. Nf3 {[%clk 1:19:16]} d4
{[%clk 1:05:52]} 11. Nb5 {[%clk 1:11:25]} Ne5 {[%clk 0:59:51]} 12. Nxe5
{[%clk 1:11:25]} Bxe5 {[%clk 1:00:19]} 13. g5 {[%clk 1:11:39]} Nd7
{[%clk 0:51:57]} 14. f4 {[%clk 1:09:39]} a6 {[%clk 0:50:10]} 15. Na3
{[%clk 1:09:31]} Bd6 {[%clk 0:49:55]} 16. Qe4+ {[%clk 1:09:19]} Be7
{[%clk 0:48:39]} 17. Bd3 {[%clk 1:07:09]} g6 {[%clk 0:42:16]} 18. Bd2
{[%clk 1:07:14]} O-O {[%clk 0:39:59]} 19. O-O-O {[%clk 1:07:29]} Rb8
{[%clk 0:39:59]} 20. Rge1 {[%clk 1:05:15]} Re8 {[%clk 0:28:33]} 21. exd4
{[%clk 1:05:30]} b5 {[%clk 0:25:54]} 22. d5 {[%clk 1:01:02]} Bb7 {[%clk 0:13:52]}
23. h4 {[%clk 0:55:14]} b4 {[%clk 0:07:50]} 24. Nc2 {[%clk 0:55:35]} Qb6
{[%clk 0:07:16]} 25. b3 {[%clk 0:54:28]} a5 {[%clk 0:06:51]} 26. f5
{[%clk 0:53:57]} a4 {[%clk 0:06:40]} 27. f6 {[%clk 0:53:33]} Nxf6
{[%clk 0:05:18]} 28. gxf6 {[%clk 0:53:49]} Bxf6 {[%clk 0:05:44]} 29. Qxe8+
{[%clk 0:54:12]} Rxe8 {[%clk 0:06:12]} 30. Rxe8+ {[%clk 0:54:33]} Kg7
{[%clk 0:06:39]} 31. h5 {[%clk 0:54:52]} h6 {[%clk 0:06:36]} 32. hxg6
{[%clk 0:54:58]} fxg6 {[%clk 0:06:24]} 33. Re6 {[%clk 0:55:09]} Qa7
{[%clk 0:04:19]} 34. Rf1 {[%clk 0:55:24]} Bc8 {[%clk 0:04:41]} 35. Rexf6
{[%clk 0:55:47]} Bf5 {[%clk 0:05:05]} 36. Bxf5 {[%clk 0:54:16]} Kxf6
{[%clk 0:04:51]} 37. Be6+ {[%clk 0:54:39]} Ke5 {[%clk 0:05:20]} 38. Bf4+
{[%clk 0:55:01]} Ke4 {[%clk 0:05:26]} 39. Bg3 {[%clk 0:55:20]} axb3
{[%clk 0:05:18]} 40. axb3 {[%clk 1:25:19]} h5 {[%clk 0:35:24]} 41. Rf4+
{[%clk 1:25:42]} 1-0

[Event "European Individual Chess Championship 2017"]
[Site "?"]
[Date "2017.06.07"]
[Round "8.98"]
[White "Chigaev, Maksim"]
[Black "Tihonov, Jurij"]
[Result "1-0"]
[BlackElo "2402"]
[WhiteElo "2559"]
[LiveChessVersion "1.4.8"]

1. e4 c5 2. Nf3 Nc6 3. Bb5 d6 4. O-O Bd7 5. c3 Nf6 6. Re1 a6 7. Bf1 Bg4 8. d4 e6
9. d5 Ne5 10. Be2 Bxf3 11. Bxf3 exd5 12. exd5 Be7 13. Bf4 Nfd7 14. Bg4 O-O 15.
Bxd7 Nxd7 16. a4 Re8 17. a5 b5 18. axb6 Nxb6 19. Qf3 Bg5 20. Rxe8+ Qxe8 21. Nd2
Bxf4 22. Qxf4 Qe5 23. Qxe5 dxe5 24. c4 a5 25. Kf1 f5 26. Ke2 Kf7 27. Kd3 a4 28.
Kc3 Ke7 29. f3 h5 30. h4 g6 31. b4 axb3 32. Rxa8 Nxa8 33. Nxb3 Kd6 34. Na5 Kc7
35. Nc6 Kd6 36. Nd8 e4 37. fxe4 fxe4 38. Nf7+ Ke7 39. Ne5 Kf6 40. Nd7+ Kf5 1-0

[Event "European Individual Chess Championship 2017"]
[Site "?"]
[Date "2017.06.07"]
[Round "8.99"]
[White "Asadli, Vugar"]
[Black "Ruck, Robert"]
[Result "1/2-1/2"]
[BlackElo "2557"]
[WhiteElo "2439"]
[LiveChessVersion "1.4.8"]

1. e4 {[%clk 1:30:57]} Nf6 {[%clk 1:30:54]} 2. e5 {[%clk 1:31:01]} Nd5
{[%clk 1:31:18]} 3. d4 {[%clk 1:31:26]} d6 {[%clk 1:31:44]} 4. c4
{[%clk 1:31:52]} Nb6 {[%clk 1:32:10]} 5. exd6 {[%clk 1:32:15]} exd6
{[%clk 1:32:32]} 6. Nc3 {[%clk 1:31:49]} Be7 {[%clk 1:32:42]} 7. Qf3
{[%clk 1:31:37]} Nc6 {[%clk 1:30:37]} 8. Be3 {[%clk 1:31:48]} O-O
{[%clk 1:30:23]} 9. O-O-O {[%clk 1:32:10]} Be6 {[%clk 1:27:31]} 10. c5
{[%clk 1:27:47]} Nd7 {[%clk 1:26:09]} 11. h3 {[%clk 1:18:04]} Nf6
{[%clk 0:54:21]} 12. d5 {[%clk 1:09:47]} Ne5 {[%clk 0:54:13]} 13. Qe2
{[%clk 1:10:09]} Bc8 {[%clk 0:50:52]} 14. g4 {[%clk 1:01:49]} Re8
{[%clk 0:42:33]} 15. f4 {[%clk 0:51:41]} Ng6 {[%clk 0:42:15]} 16. Nf3
{[%clk 0:51:52]} Bf8 {[%clk 0:27:38]} 17. f5 {[%clk 0:44:54]} Ne5
{[%clk 0:26:45]} 18. Nxe5 {[%clk 0:45:16]} Rxe5 {[%clk 0:27:08]} 19. Qf2
{[%clk 0:45:36]} dxc5 {[%clk 0:27:11]} 20. Bxc5 {[%clk 0:44:21]} Bxc5
{[%clk 0:20:25]} 21. Qxc5 {[%clk 0:44:50]} Qd6 {[%clk 0:20:22]} 22. Qxd6
{[%clk 0:37:56]} cxd6 {[%clk 0:20:50]} 23. Nb5 {[%clk 0:38:16]} Ne8
{[%clk 0:19:29]} 24. Rh2 {[%clk 0:36:09]} Bd7 {[%clk 0:18:13]} 25. Rc2
{[%clk 0:36:29]} Kf8 {[%clk 0:17:37]} 26. Nd4 {[%clk 0:35:49]} h6
{[%clk 0:08:52]} 27. Bg2 {[%clk 0:32:58]} Rc8 {[%clk 0:08:43]} 28. Rxc8
{[%clk 0:32:05]} Bxc8 {[%clk 0:09:11]} 29. Kd2 {[%clk 0:32:27]} Bd7
{[%clk 0:09:05]} 30. Rc1 {[%clk 0:32:26]} Ke7 {[%clk 0:08:58]} 31. Nc2
{[%clk 0:28:03]} h5 {[%clk 0:07:02]} 32. Ne3 {[%clk 0:28:05]} hxg4
{[%clk 0:07:11]} 33. hxg4 {[%clk 0:28:30]} Kf6 {[%clk 0:06:36]} 34. Kd3
{[%clk 0:20:26]} Kg5 {[%clk 0:06:13]} 35. Kd4 {[%clk 0:20:53]} Re7
{[%clk 0:03:52]} 36. Be4 {[%clk 0:20:12]} Kf4 {[%clk 0:03:15]} 37. Rf1+
{[%clk 0:20:31]} Kg5 {[%clk 0:03:39]} 38. Rc1 {[%clk 0:20:58]} Kf4
{[%clk 0:02:15]} 39. Rf1+ {[%clk 0:21:23]} Kg5 {[%clk 0:02:42]} 40. Rc1
{[%clk 0:51:49]} 1/2-1/2

[Event "European Individual Chess Championship 2017"]
[Site "?"]
[Date "2017.06.07"]
[Round "8.100"]
[White "Shomoev, Anton"]
[Black "Bakalchuk, Johnatan"]
[Result "1-0"]
[BlackElo "2391"]
[WhiteElo "2550"]
[LiveChessVersion "1.4.8"]

1. e4 {[%clk 1:30:49]} c5 {[%clk 1:30:52]} 2. Nf3 {[%clk 1:31:16]} g6
{[%clk 1:31:16]} 3. c3 {[%clk 1:31:40]} Bg7 {[%clk 1:31:30]} 4. d4
{[%clk 1:31:52]} cxd4 {[%clk 1:31:51]} 5. cxd4 {[%clk 1:32:20]} d5
{[%clk 1:32:14]} 6. e5 {[%clk 1:32:47]} Nh6 {[%clk 1:32:25]} 7. h3
{[%clk 1:32:56]} O-O {[%clk 1:32:13]} 8. Nc3 {[%clk 1:33:12]} Nc6
{[%clk 1:32:16]} 9. Bb5 {[%clk 1:33:10]} f6 {[%clk 1:26:34]} 10. O-O
{[%clk 1:33:30]} Nf5 {[%clk 1:25:08]} 11. Re1 {[%clk 1:32:24]} fxe5
{[%clk 1:21:24]} 12. dxe5 {[%clk 1:28:50]} e6 {[%clk 1:18:17]} 13. Bxc6
{[%clk 1:20:40]} bxc6 {[%clk 1:18:39]} 14. Na4 {[%clk 1:21:05]} Nh4
{[%clk 0:56:31]} 15. Nd4 {[%clk 1:17:25]} Qe7 {[%clk 0:51:50]} 16. Qg4
{[%clk 0:58:29]} Qb4 {[%clk 0:45:16]} 17. Nc2 {[%clk 0:55:08]} Qxg4
{[%clk 0:45:19]} 18. hxg4 {[%clk 0:55:35]} g5 {[%clk 0:44:54]} 19. Be3
{[%clk 0:46:43]} Ng6 {[%clk 0:40:13]} 20. Bd4 {[%clk 0:46:09]} Rf4
{[%clk 0:40:27]} 21. f3 {[%clk 0:46:10]} Nxe5 {[%clk 0:37:40]} 22. Bxe5
{[%clk 0:44:49]} Rxa4 {[%clk 0:37:52]} 23. b3 {[%clk 0:43:17]} Ra6
{[%clk 0:23:44]} 24. Nb4 {[%clk 0:42:58]} Rb6 {[%clk 0:23:45]} 25. Nd3
{[%clk 0:43:15]} Bf8 {[%clk 0:23:25]} 26. Bd4 {[%clk 0:38:06]} Rb5
{[%clk 0:23:17]} 27. Rac1 {[%clk 0:38:14]} Bd7 {[%clk 0:23:32]} 28. Ne5
{[%clk 0:34:19]} Bg7 {[%clk 0:18:45]} 29. Nxc6 {[%clk 0:32:45]} Bxc6
{[%clk 0:17:24]} 30. Bxg7 {[%clk 0:33:08]} Bb7 {[%clk 0:08:54]} 31. Rc7
{[%clk 0:31:24]} Rc8 {[%clk 0:07:14]} 32. Re7 {[%clk 0:31:24]} Rc6
{[%clk 0:05:44]} 33. Re5 {[%clk 0:31:31]} Ba6 {[%clk 0:04:29]} 34. Rxg5
{[%clk 0:27:51]} d4 {[%clk 0:04:21]} 35. Be5+ {[%clk 0:27:34]} Kf8
{[%clk 0:04:41]} 36. Rxh7 {[%clk 0:27:59]} Rc1+ {[%clk 0:04:34]} 37. Kh2 1-0